Dialogovyje sistemy schemotechničeskogo projektirovanija

Enregistré dans:
Détails bibliographiques
Format: Livre
Langue:russe
Publié: Moskva Radio i svjaz' 1988
Édition:1. izd.
Tags: Ajouter un tag
Pas de tags, Soyez le premier à ajouter un tag!

MARC

LEADER 00000nam a2200000 4500
001 c040985
005 20240903071603.0
041 0 |a rus 
044 |a RU 
245 1 0 |a Dialogovyje sistemy schemotechničeskogo projektirovanija  |c Red. V.I. Anisimov 
250 |a 1. izd. 
264 1 |a Moskva  |b Radio i svjaz'  |c 1988 
300 |a 285 s.